[Event "NED-ch U11"]
[Site "Waalwijk"]
[Date "2012.04.06"]
[Round "2"]
[White "Meijer, Arjen"]
[Black "Algra, Sake"]
[Result "1/2-1/2"]
[WhiteElo "603"]
[BlackElo "843"]
[PlyCount "108"]
[EventDate "2012.04.06"]
[EventType "swiss"]
[EventRounds "9"]
[EventCountry "NED"]
[SourceTitle "EXT 2013"]
[Source "ChessBase"]
[SourceDate "2012.11.22"]
[SourceVersion "1"]
[SourceVersionDate "2012.11.22"]
[SourceQuality "1"]

1. g3 d5 2. d3 c5 3. Nf3 Nc6 4. Bg2 e5 5. 0-0 f5 6. Bg5 Be7 7. Bxe7 Ngxe7 8. a3 Qd6 9. Qd2 Be6 10. Nc3 a6 11. Ng5 d4 12. Nxe6 dxc3 13. Bxc6+ Qxc6 14. Nxg7+ Kf8 15. Qg5 Rg8 16. bxc3 Rxg7 17. Qh5 Qg6 18. Qxg6 Rxg6 19. Rab1 Rb8 20. Rfd1 Nd5 21. d4 Nxc3 22. dxe5 Nxd1 23. Rxd1 Re6 24. Rd5 b6 25. f3 Rd8 26. Rxd8+ Re8 27. Rd7 Rxe5 28. Rxh7 Rxe2 29. Rh6 Rxc2 30. Rxb6 c4 31. Rxa6 c3 32. Rc6 Rc1+ 33. Kg2 c2 34. a4 Ra1 35. Rxc2 Rxa4 36. h4 f4 37. gxf4 Rxf4 38. Kg3 Rf7 39. Rh2 Rg7+ 40. Kf2 Kf7 41. Rg2 Rh7 42. Rh2 Kg6 43. Ke3 Kf5 44. h5 Kg5 45. f4+ Kg4 46. Ke4 Rxh5 47. Rxh5 Kxh5 48. Kf5 Kh6 49. Ke5 Kg6 50. Ke6 Kg7 51. Ke7 Kg6 52. Ke6 Kg7 53. f5 Kf8 54. f6 Ke8 1/2-1/2